| 000 -LEADER |
| fixed length control field |
01201cam a22002291 4500 |
| 082 ## - DEWEY DECIMAL CLASSIFICATION NUMBER |
| Classification number |
967.61 |
| Author Mark |
JOH |
| 100 1# - MAIN ENTRY--PERSONAL NAME |
| Personal name |
Johnston, Harry Hamilton, |
| 9 (RLIN) |
50150 |
| 245 14 - TITLE STATEMENT |
| Title |
The Uganda protectorate; |
| Remainder of title |
an attempt to give some description of the physical geography, botany, zoology, anthropology, languages and history of the territories under British protection in East Central Africa, between the Congo Free State and the Rift Valley and between the first degree of south latitude and the fifth degree of north latitude, |
| Statement of responsibility, etc. |
by Sir Harry Johnston. |
| 250 ## - EDITION STATEMENT |
| Edition statement |
2d ed., |
| 260 ## - PUBLICATION, DISTRIBUTION, ETC. |
| Place of publication, distribution, etc. |
New York, |
| Name of publisher, distributor, etc. |
Dodd, Mead, |
| Date of publication, distribution, etc. |
1904. |
| 300 ## - PHYSICAL DESCRIPTION |
| Extent |
2 v. |
| Other physical details |
col. front., illus., col. plates, ports., fold. maps. |
| Dimensions |
26 x 20 cm. |
| 500 ## - GENERAL NOTE |
| General note |
Appendix to chapter XIII "Anthropology" and to chapter XIV "Pygmies and forest negroes", by Dr. F. Shrubsall. |
| 500 ## - GENERAL NOTE |
| General note |
Paged continuously. |
| 500 ## - GENERAL NOTE |
| General note |
Printed by Hazell, Watson, and Viney, ld., London and Aylesbury, England. |
| 526 ## - STUDY PROGRAM INFORMATION NOTE |
| Program name |
0 |
| Interest level |
0 |
| Reading level |
0 |
| Title point value |
967_610000000000000_JOH |
| 650 #0 - SUBJECT ADDED ENTRY--TOPICAL TERM |
| Topical term or geographic name entry element |
Ethnology |
| Geographic subdivision |
Uganda. |
| 9 (RLIN) |
50151 |
| 650 #0 - SUBJECT ADDED ENTRY--TOPICAL TERM |
| Topical term or geographic name entry element |
MCE |
| 9 (RLIN) |
379 |
| 650 #0 - SUBJECT ADDED ENTRY--TOPICAL TERM |
| Topical term or geographic name entry element |
Natural history |
| Geographic subdivision |
Uganda. |
| 9 (RLIN) |
50152 |
| 650 #0 - SUBJECT ADDED ENTRY--TOPICAL TERM |
| Topical term or geographic name entry element |
Okapi. |
| 9 (RLIN) |
50153 |
| 856 41 - ELECTRONIC LOCATION AND ACCESS |
| Uniform Resource Identifier |
<a href="http://hdl.loc.gov/loc.wdl/wdl.2561">http://hdl.loc.gov/loc.wdl/wdl.2561</a> |
| 942 ## - ADDED ENTRY ELEMENTS (KOHA) |
| Source of classification or shelving scheme |
|
| Koha item type |
Book |